000 00652nam a22001817a 4500
005 20170421124657.0
010 _aENG-117906
020 _c980.00
_a9788184845754
035 _aEN-101438
037 _bDBAD/PUB
245 _aDevelopment of informal economy :
_cedited by Bharti Pandey [and] Subodh Kumar Sinha
_bproblems and challenges/
260 _aNew Delhi
_bRahul Composers
_c2016
270 _aNew Highway Apartments, Lakshmi Niwas 760,Pocket-D, Lok Nayak Puram,
_bNew Delhi
_e110041
300 _axv,220p.:
_c22cm(Hb)
_bill.
500 _aincludes index
700 _aSinha,Subodh Kumar
942 _2ddc
_cEN
_h338.6420954
_mDEV
999 _c139184
_d139184